Get Britain building (Record no. 113062)

MARC details
000 -LEADER
fixed length control field 01125cad a22002175a 4500
001 - CONTROL NUMBER
control field L154607
008 - FIXED-LENGTH DATA ELEMENTS--GENERAL INFORMATION
fixed length control field 120105e20110706xxk 000 0 eng d
035 ## - SYSTEM CONTROL NUMBER
System control number (Sirsi) u154607
041 0# - LANGUAGE CODE
Language code of text/sound track or separate title eng
110 2# - MAIN ENTRY--CORPORATE NAME
Corporate name or jurisdiction name as entry element Homes and Communities Agency
9 (RLIN) 5688
245 00 - TITLE STATEMENT
Title Get Britain building
Remainder of title programme prospectus
Medium [electronic resource]
260 ## - PUBLICATION, DISTRIBUTION, ETC.
Place of publication, distribution, etc. [S.l.]
Name of publisher, distributor, etc. HCA
Date of publication, distribution, etc. 2011
520 ## - SUMMARY, ETC.
Summary, etc. This prospectus provides further information about the purpose of the Get Britain Building Fund. The fund was one of the key immediate measures to increase housing supply announced in "Laying the Foundations: a Housing Strategy for England" which was published in November 2011.
590 ## - LOCAL NOTE (RLIN)
Local note KA NTK
651 #4 - SUBJECT ADDED ENTRY--GEOGRAPHIC NAME
Geographic name England
Chronological subdivision 886-
690 ## - LOCAL SUBJECT ADDED ENTRY--TOPICAL TERM (OCLC, RLIN)
Topical term or geographic name as entry element PROPERTY-RESIDENTIAL PROPERTY
690 ## - LOCAL SUBJECT ADDED ENTRY--TOPICAL TERM (OCLC, RLIN)
Topical term or geographic name as entry element BUILT ENVIRONMENT-CONSTRUCTION MARKET
690 ## - LOCAL SUBJECT ADDED ENTRY--TOPICAL TERM (OCLC, RLIN)
Topical term or geographic name as entry element PROPERTY-RESIDENTIAL PROPERTY-RESIDENTIAL PROPERTY DEVELOPMENT
856 40 - ELECTRONIC LOCATION AND ACCESS
Uniform Resource Identifier <a href="https://www.constructionproducts.org.uk/newsdesk/dbfiles/CLG%20HCA%20Get%20Britain%20Building%20Programme%20Prospectus%20December%202011.pdf">https://www.constructionproducts.org.uk/newsdesk/dbfiles/CLG%20HCA%20Get%20Britain%20Building%20Programme%20Prospectus%20December%202011.pdf</a>
Public note View the prospectus free of charge at www.constructionproducts.org.uk
942 ## - ADDED ENTRY ELEMENTS (KOHA)
Suppress in OPAC 0
Holdings
Withdrawn status Lost status Source of classification or shelving scheme Damaged status Not for loan Home library Current library Shelving location Date acquired Total Checkouts Full call number Barcode Date last seen Copy number Price effective from Koha item type
    Dewey Decimal Classification     Virtual Virtual Online 05/01/2012   ONLINE PUBLICATION 154607-2001 06/08/2019 1 06/08/2019 Book